000
00287nam a22001337a 4500
008
181031b xxu||||| |||| 00| 0 eng d
020
_a
9780495794523
041
_a
eng
080
_a
710
100
_a
44
101
_a
aRT
245
_a
Art Through Ages
_c
Fred .K
942
_2
udc
_c
BK
999
_c
51344
_d
51344